000 00687nam a2200229Ia 4500
003 OSt
005 20220923220509.0
006 a|||||r|||| 00| 0
007 ta
008 220922b |||||||| |||| 00| 0 hin d
024 _a186,998
037 _cTextual
040 _aARTS
_cARTS
_bhin
041 _2hin
_ahin
082 _aX8, 152H9
100 _aश्रीवास्तव, बालचंद
245 0 _aबीमा का प्रारम्भिक अध्ययन
246 _aBīmā kā prārambhik adhyayana
260 _c1949
942 _hX8, 152H9
_cTEXL
_2CC
999 _c340241
_d340241